000 00515nam a2200169 i 4500
001 bg
245 0 _aBadania starzeniowe wybranych układów elektroizolacyjnych /
_c[aut.:] M. Chodyniecki [i in.].
260 _aSzczecin,
_c1974.
490 1 _aPrace Naukowe Politechniki Szczecińskiej ;
_vnr 14
700 1 _aChodyniecki, M.
_eRed.
830 _aPrace Naukowe Politechniki Szczecińskiej ;
040 _cBPK
041 _apol
080 _a621.315
942 _cKS
008 s pl f |000 0 pol
999 _c26417
_d26417
856 _uhttp://koha.tu.koszalin.pl/cgi-bin/koha/opac-detail.pl?biblionumber=26417
_yKatalog online BPK